| 000 | 00365nam a22001457a 4500 | ||
|---|---|---|---|
| 020 | _a9780135184233 | ||
| 040 | _cNUST | ||
| 082 | _a621.815 NOR | ||
| 100 | _aNorton, Robert L. | ||
| 245 |
_aMachine Design : _bAn Integrated Approach |
||
| 250 | _aSixth Edition | ||
| 260 |
_aHoboken: _bPearson Education, _c2020. |
||
| 650 | _aMachine Design | ||
| 942 |
_2ddc _cBK |
||
| 999 |
_c593527 _d593527 |
||